000 00705nam a2200265 a 4500
003 AR-BaBNM
005 20251128203522.0
008 082120s2002 ||||||||||||||000 | spa||
040 _cAR-BaBNM
100 1 _aLenz, Rodolfo
245 0 0 _aLa oración y sus partes
_bestudios de gramática general y castellana
250 _a4ª ed.
260 _aSantiago
_bNascimento
_c1944
300 _a572 p.
500 _aContiene advertencia a la cuarta edición
650 4 _aGRAMATICA
650 4 _aCATEGORIA GRAMATICAL
650 4 _aESTRUCTURA DE LA ORACION
650 4 _aFONETICA
650 4 _aFONOLOGIA
650 4 _aSINTAXIS
653 _aFILOSOFIA DEL LENGUAJE
942 _cBK
998 _cisola
999 _c3756
_d3756